000 00228nam a2200109Ia 4500
999 _c8140
_d8140
020 _a978-0073511290
100 _aPaul. Samuelson
245 0 _aEconomics
260 _aNew York
_bMcGraw Hill
_c2001
300 _a779
942 _cBK